| 000 | 00375nam a2200133Ia 4500 | ||
|---|---|---|---|
| 008 | 230411s9999 xx 000 0 und d | ||
| 041 | _aeng | ||
| 082 | _aOG/618.1/GUP/B07024 | ||
| 100 |
_aGupta Sadhana _9179340 |
||
| 245 | _aComprehensive Textbook of Obstetrics and Gynecology | ||
| 260 |
_bJaypee Brothers _aNew Delhi _c2011 |
||
| 300 | _a664p | ||
| 999 |
_c157223 _d157223 |
||